ध्वनितरंगांचे अविष्कार प्राचीन सांस्कृतिक वारसा (Record no. 370597)

MARC details
000 -LEADER
fixed length control field 00493nam a2200145 4500
005 - DATE AND TIME OF LATEST TRANSACTION
control field 20260307181403.0
008 - FIXED-LENGTH DATA ELEMENTS--GENERAL INFORMATION
fixed length control field 260307b |||||||| |||| 00| 0 eng d
082 ## - DEWEY DECIMAL CLASSIFICATION NUMBER
Classification number 891.46 JOS B12248
100 ## - MAIN ENTRY--PERSONAL NAME
Author जोशी, वर्षा
245 ## - TITLE STATEMENT
Title ध्वनितरंगांचे अविष्कार प्राचीन सांस्कृतिक वारसा
260 ## - PUBLICATION, DISTRIBUTION, ETC.
Place of publication, distribution, etc. Pune
Name of publisher, distributor, etc. Bharatiya Vichar Sadhana
Date of publication, distribution, etc. 2020
300 ## - PHYSICAL DESCRIPTION
Extent 88p
Other physical details pb
365 ## - TRADE PRICE
Price type code Rupaye
Price amount 130
942 ## - ADDED ENTRY ELEMENTS (KOHA)
Koha item type Books
Holdings
Withdrawn status Lost status Source of classification or shelving scheme Damaged status Not for loan Home library Current library Date acquired Vendor Net Price Bill number Total Checkouts Full call number Barcode Date last seen Discount Actual Price Bill Date Koha item type Original Barcode
    Dewey Decimal Classification     Smt. Bakul Tambat Institute of Nursing Education Smt. Bakul Tambat Institute of Nursing Education 16/02/2026 Bhartiya Vichar Sadhana Foundation 91.00 HO/IN/606   891.46 JOS B12248 BTIN-BK-12248 07/03/2026 39 130.00 19/01/2026 Books BTIN-BK-12248